000 00398ngm a22001577a 4500
005 20170217161423.0
008 160921b xxu||||| |||| 00| 0 spa d
041 _aspa
082 _a11 DVD
245 _aEl poder de uno... es hacer algo
300 _a1 CD-ROM
500 _a 41 Cortes de televisión.
650 _aEDUCACIÓN AMBIENTAL
_92468
650 _aVIDA SILVESTRE
_917386
942 _cDVD
999 _c8854
_d8854